|
|
|
|
| LEADER |
01056nam a2200325 4500 |
| 001 |
DLU190190430 |
| 005 |
##20190411 |
| 040 |
# |
# |
|a DLU
|b vie
|
| 041 |
# |
# |
|a vie
|
| 044 |
# |
# |
|a vn
|
| 100 |
# |
# |
|a Nguyễn Thị Hồng Loan.
|
| 245 |
# |
# |
|a Thiết kế cơ chất peptide huỳnh quang đặc hiệu của protease HIV-1 /
|c Nguyễn Thị Hồng Loan, ...[và những người khác].
|
| 653 |
# |
# |
|a Cơ chất huỳnh quang
|
| 653 |
# |
# |
|a Chất ức chế protease HIV-1
|
| 653 |
# |
# |
|a Hằng số MichaelisMenten (Km)
|
| 653 |
# |
# |
|a Protease HIV-1
|
| 700 |
# |
# |
|a Đặng Thị Liễu.
|
| 700 |
# |
# |
|a Phan Thị Lam Hồng.
|
| 700 |
# |
# |
|a Phan Tuấn Nghĩa.
|
| 700 |
# |
# |
|a Trần Thị Thu Huyền.
|
| 773 |
# |
# |
|t Tạp chí Sinh học
|g Số 1, 2017, tr. 115-121
|
| 920 |
# |
# |
|a Phòng Sau đại học -- Trung tâm Thông tin - Thư viện Trường Đại học Đà Lạt
|
| 994 |
# |
# |
|a DLU
|
| 900 |
# |
# |
|a True
|
| 911 |
# |
# |
|a Hoàng Thị Huyền
|
| 925 |
# |
# |
|a G
|
| 926 |
# |
# |
|a A
|
| 927 |
# |
# |
|a BB
|
| 980 |
# |
# |
|a Thư viện Trường Đại học Đà Lạt
|